Statistics for Every benny blanco Song on the Billboard Hot 100

Click here to take the quiz!

General Stats

  • This quiz has been taken 26 times
    (9 since last reset)
  • The average score is 1 of 5

Answer Stats

#YearSong% Correct
92019Eastside (Halsey & Khalid)
75%
662019I Can't Get Enough (Tainy, Selena Gomez & J Balvin)
25%
122021Lonely (Justin Bieber)
13%
852019Roses (Juice WRLD) ft. Brendon Urie
13%
722020Real Shit (Juice WRLD)
0%

Score Distribution

Percentile by Number Answered

Percent of People with Each Score

Your Score History

You have not taken this quiz since the last reset